Nárok? Preukážte príjmy! Štátny vyrovnávací príspevok a prídavky na deti v tomto roku

Bibliographic Details
Format: Article
Language:Slovak
Subjects:

MARC

LEADER 00000nab a2200000 a 4500
001 vtls000474555
003 SK-MaSNL
005 20260303004204.0
008 120926c1993 xo 0 slo
015 |a SNBRB19rr/mm-uuuuu 
035 |a CL0474689 
040 |a SNKBUCL  |b slo  |c SNKBUCL  |e AACR2 
041 0 |a slo 
044 |a xo  |c SK 
080 |a 331.226/.228  |2 1981 
245 0 0 |a Nárok? Preukážte príjmy!  |b Štátny vyrovnávací príspevok a prídavky na deti v tomto roku 
650 0 7 |a prídavky na deti  |2 snkbucl  |9 301762 
650 0 7 |a príspevok vyrovnávací štátny  |2 snkbucl  |9 982898 
650 0 7 |a príjmy osôb vlastné  |2 snkbucl  |9 982899 
655 7 |a články z novín a časopisov  |2 snkbucl  |9 267496 
773 0 |t Práca  |g Roč. 48, č. 28 (4. 2. 1993), s. 3 
850 |a Slovenská národná knižnica v Martine  |a MTA001 
852 |a SNK  |b KIS3GCP 
958 |a RK 
992 |a RBX 
999 |c 1576470  |d 1578400